| 000 | 01075nam a2200265Ia 4500 | ||
|---|---|---|---|
| 003 | OSt | ||
| 005 | 20221002050125.0 | ||
| 006 | a|||||r|||| 00| 0 | ||
| 007 | ta | ||
| 008 | 220930b |||||||| |||| 00| 0 hin d | ||
| 020 |
_a9788185999876 (hbk) _c1590 |
||
| 024 | _a6739 | ||
| 037 |
_b147, 29/08/2013, Swaraj Prakashan _cReference Collections |
||
| 040 |
_aCRL _cCRL _bhin |
||
| 041 |
_2hin _ahin |
||
| 082 | _aO152(Y11),3M80x, Q0(RR) | ||
| 100 | _aप्रेमचन्द | ||
| 245 | 0 | _aप्रेमचन्द का सम्पूर्ण बाल साहित्य | |
| 260 |
_aदिल्ली _b स्वराज प्रकाशन _c2010 |
||
| 300 |
_a406पृ0 _ccm. |
||
| 650 | _aहिन्दी साहित्य | ||
| 700 | _a गिरि, राजीव रंजन, संपा. | ||
| 942 |
_hO152(Y11),3M80x, Q0(RR) _cref _2CC |
||
| 999 |
_c913903 _d913903 |
||